000 00626cam a2200241Ii 4500
008
020 _a9781444104868 (pbk.)
049 _aMAIN
090 _aKD829
_bBRA
100 _aBray, Judith.
245 1 0 _aLand law /
_cJudith Bray.
250 _a2009-2010 ed.
260 _aLondon :
_bHodder education,
_cc2009.
300 _a171 p. ;
_bill. ;
_c20 cm.
440 _aKey Facts.
500 _aIncludes index.
650 0 _aReal property.
907 _a.b10350883
_b25-11-14
_c25-11-14
003
005 20230123122120.0
040 _cNUST
942 _cBOOKS
_kKD829
_mBRA
999 _c128054
_d128054